Rok v pozemkovom spoločenstve Vlachovo

Podrobná bibliografia
Hlavný autor: Jánošík, Juraj (Autor)
Médium: Článok
Jazyk:slovenčina
Predmet:

MARC

LEADER 00000nab a2200000 a 4500
001 vtls001012246
003 SK-MaSNL
005 20260303041920.0
008 040720e20030000xo 0 slo
035 |a RV12846 
040 |a RVGKPD  |b slo  |c RVGKPD  |d SNKBUCL  |e AACR2 
041 0 |a slo 
044 |a xo  |c SK 
080 |a 630*  |2 1981 
100 1 |a Jánošík, Juraj  |4 aut  |9 464104 
245 1 0 |a Rok v pozemkovom spoločenstve Vlachovo 
610 2 7 |a Pozemkové spoločenstvo (Vlachovo, Slovensko)  |2 RVGKPD  |9 1027482 
650 0 7 |a lesníctvo  |2 RVGKPD  |9 1255 
650 0 7 |a lesohospodárske plány  |2 RVGKPD  |9 1027483 
651 7 |a Vlachovo (Slovensko)  |2 RVGKPD  |9 29546 
773 0 |t Stromíš - Vlachovské noviny  |g Roč. 5, č.4 (2003), s. 6 
852 |a ZVYKNI  |b KIS3GCP 
999 |c 1689704  |d 1691634